Identify Top 15 Orthodox Nations - Statistics

General Stats
  • This quiz has been taken 60 times
  • The average score is 12 of 15
Answer Stats
Hint Answer % Correct
The biggest Nation in our world today Russia
98%
Lost Crimea in 2014 Ukraine
96%
The closest country to Russia politically Belarus
91%
Mount Athos resides within this nation Greece
91%
Typically mistaken for an American State Georgia
87%
Kosovo declared independence from this nation in 2008 Serbia
87%
Known as the first Christian Nation Armenia
85%
This nation significantly aided in the defeat of the Ottoman Empire Bulgaria
78%
Most Orthodox African nation Ethiopia
78%
Transnistria resides on the western border of this nation Moldova
76%
This nation is partially occupied by Turkish backed militants Cyprus
75%
This nation declared independence from Serbia in 2006 Montenegro
75%
This nation hosts Europe's second largest river Romania
75%
Credited for one of the most successful empires ever North Macedonia
53%
Besides Russia the Northernmost Orthodox Nation Estonia
49%
No matching quizzes found
Score Distribution
Percent of People with Each Score
Percentile by Number Answered
Your Score History
You have not taken this quiz